1000 slovenských ľudových piesní

Podrobná bibliografia
Hlavný autor: Figuš-Bystrý, Viliam, 1875-1937 (Autor)
Médium: Kniha
Jazyk:neznámy jazyk
Fyzický popis:44 s.
Vydavateľské údaje: v Banskej Bystrici Bohuslav Klimo

MARC

LEADER 00000nam a2200000 a 4500
001 vtls001403975
003 SK-MaSNL
005 20260301012143.0
008 240313suuuu xx 0 und
035 |a SNK000358535 
040 |a SNK  |b slo  |c SNK  |e AACR2 
100 1 |a Figuš-Bystrý, Viliam,  |d 1875-1937  |4 aut  |9 166812 
245 1 |a 1000 slovenských ľudových piesní 
260 |a v Banskej Bystrici  |b Bohuslav Klimo 
300 |a 44 s. 
999 |c 552827  |d 554757 
952 |t P60, <04>, [BOOK], {604}  |a SNK  |b SNK  |y VYP  |7 0  |p 17A0263702  |o snkHSB 489 D1  |0 0  |1 0  |4 0  |d 2001-01-04  |l 0  |r 2005-01-02 00:00:00  |w 2026-02-23